Ανάλυση λειτουργίας γεωθερμικού θερμοκηπίου : πτυχιακή εργασία

Αποθηκεύτηκε σε:
Λεπτομέρειες βιβλιογραφικής εγγραφής
Κύριος συγγραφέας: Δασακλής, Σωκράτης
Συγγραφή απο Οργανισμό/Αρχή: Πανεπιστήμιο Αιγαίου. Σχολή Περιβάλλοντος. Τμήμα Περιβάλλοντος
Άλλοι συγγραφείς: Χαραλαμπόπουλος, Δίας (Εισηγητής διατριβής)
Μορφή: Thesis Βιβλίο
Γλώσσα:Greek
Δημοσίευση: Μυτιλήνη : Πανεπιστήμιο Αιγαίου, Τμήμα Περιβάλλοντος, 1993
Θέματα:
Διαθέσιμο Online:http://hdl.handle.net/11610/9830
Ετικέτες: Προσθήκη ετικέτας
Δεν υπάρχουν, Καταχωρήστε ετικέτα πρώτοι!

MARC

LEADER 00000cam a2200000 i 4500
001 1/4229
008 000525s1993 gre d
035 |l 10061087 
040 |a GR-MY-UA  |b gre  |e aacr 
041 0 |a gre 
082 0 |a 333.88  |2 (22) 
100 1 |a Δασακλής, Σωκράτης. 
245 1 0 |a Ανάλυση λειτουργίας γεωθερμικού θερμοκηπίου :  |b πτυχιακή εργασία /  |c Δασακλής Σωκράτης ; επιβλέπων καθηγητής Δίας Χαραλαμπόπουλος 
260 |a Μυτιλήνη :   |b Πανεπιστήμιο Αιγαίου, Τμήμα Περιβάλλοντος,   |c 1993 
300 |a 82 σ.;  |b πιν., σχ.;  |c 30 εκ. 
500 |a Μέλη εξεταστικής επιτροπής: Δημητρακόπουλος Αλέξανδρος, Χαραλαμπόπουλος Δίας, Χατζόπουλος Ιωάννης 
502 |a Πτυχιακή εργασία – Πανεπιστήμιο Αιγαίου, Λέσβος, 1993. 
504 |a Περιέχει παράρτημα και βιβλιογραφία 
650 0 0 |a Geothermal resources. 
650 0 0 |a Greehouses  |x Heating and ventilation. 
650 0 0 |a Ground source heat pump systems. 
650 0 0 |a Geothermal engineering. 
650 0 0 |a Dissertations, Academic  |z Greece. 
700 1 |a Χαραλαμπόπουλος, Δίας.  |4 ths 
710 2 |a Πανεπιστήμιο Αιγαίου.   |b Σχολή Περιβάλλοντος.   |b Τμήμα Περιβάλλοντος. 
852 |a INST  |b LESVOS  |c DIATR  |e 20000525  |h 111  |p 005100026253  |q 005100026253  |t DIE  |y 23 
852 |a INST  |b LESVOS  |c DIATR  |e 20000525  |h 112  |p 005100026248  |q 005100026248  |t DIE  |y 23 
856 |u http://hdl.handle.net/11610/9830 
901 |a BIBL1-2000-2 
909 |a Λ  |b 078937 
909 |a Λ  |b 078938 
924 |a ΔΑΣΑΚΛΗΣ  |b ΣΩΚΡΑΤΗΣ  |y ΛΕΣΒΟΣ  |z 1994-03 
970 |a ΑΙΒΑΤΖΙΔΟΥ  |b ΕΛΕΝΗ  |z 2000/05/25